Statistical methods
Saved in:
| Main Author: | |
|---|---|
| Other Authors: | |
| Format: | Book |
| Language: | English |
| Published: |
San Diego :
Academic Press,
c1997
|
| Edition: | Rev. ed. |
| Subjects: | |
| Tags: |
Add Tag
No Tags, Be the first to tag this record!
|
MARC
| LEADER | 00000nam a2200000 i 4500 | ||
|---|---|---|---|
| 001 | 1/103104 | ||
| 008 | 000301s1997 eng d | ||
| 020 | |a 0-12-267472-3 | ||
| 035 | |l 10058340 | ||
| 040 | |a GR-MY-UA |b gre |e aacr | ||
| 041 | 0 | |a eng | |
| 082 | 0 | |a 519.5 | |
| 100 | 1 | |a Freund, Rudolf Jakob |d 1927- | |
| 245 | 1 | 0 | |a Statistical methods / |c Rudolph J. Freund, William J. Wilson |
| 250 | |a Rev. ed. | ||
| 260 | |a San Diego : |b Academic Press, |c c1997 | ||
| 300 | |a xxi, 684 σ.; |b εικ.; |c 24 εκ. | ||
| 504 | |a Περιέχει βιβλιογραφικές παραπομπές (σ. 661-665) και ευρετήριο | ||
| 650 | 0 | 0 | |a Statistics. |
| 700 | 1 | |a Wilson, William J. |d 1940- | |
| 852 | |a INST |b LESVOS |e 20000301 |h 519.5 FRE |p 005100023885 |q 005100023885 |t BK |y 0 | ||
| 901 | |a BIBL1-2000-1 | ||
| 909 | |a Λ |b 073872 | ||
| 922 | |a 1ΕΛΗ |b 200001 |c ΚΠΣ/ΤΓ |d LEADER | ||
| 950 | |a 118-1999-09-20 | ||
| 970 | |a ΤΖΑΦΕΡΗ |b ΕΥΑΓΓΕΛΙΑ |z 2000/03/03 | ||